000 00758nam a2200253 4500
003 OSt
005 20240607073114.0
006 a
008 240607b |||||||| |||| 00| 0 eng d
020 _a9780763780043
040 _aDWCL-Main lib.
_cOC
082 _2Comprehensive edition
_aCirc. 620.004 H199a 2011
100 _aHamad, Munir M.
245 _aAutoCAD 2010 essentials /
250 _aComprehensive edition
260 _aU.S.A. :
_bJones & Bartlett Learning,
_cc2011.
300 _axvii,
_b700 p. : col. ill. ;
_c23 cm.
504 _aIncludes index.
650 _a1. Computer graphics.
650 _a2. Computer-aided design.
650 _a3. AutoCAD.
700 _aMunir M. Hamad
942 _2ddc
_n0
_cBK-CIRC
_eComprehensive edition
_kCirc.
999 _c369
_d369